00921nam a2200253 a 450000100060000000300080000600500170001400800390003102000150007002000150008503500190010004000320011904100080015108200240015910000260018324501410020925000170035026000650036730000350043250001170046750400410058465000190062570000230064453902BD-RjUL20211209080036.0161029r19751974enka b 001 0 eng a0080172415 a0080172423 a(BD-RjUL)54024 aDLCcDLCdDLCdBD-RjULbeng aeng00a571.3223bFAP 19751 aFahn, A.,d1916-2012.10aPlant anatomy /cby A. Fahn. First ed. Translated by S. Broido-Altman from the Hebrew published under title: Anatomyah shel ha-tsemaḥ a2nd rev. ed. aOxford ;aNew York :bPergamon Press,c1974 [Reprinted 1975] axi, 611 p. : bill. ; c26 cm. aFirst ed. translated by Sybil-Broido-Altman from the Hebrew published under title: Anaṭomyah shel ha-tsemaḥ. aIncludes bibliographies and indexes. 0aPlant anatomy. aBroido-Altman, S.